| 000 | 00442nam a2200181Ia 4500 | ||
|---|---|---|---|
| 008 | 230524s9999 xx 000 0 und d | ||
| 020 | _a812192457X | ||
| 082 |
_a624.15136 _bRAM |
||
| 100 | _aT.N.Ramamurthy | ||
| 245 | 0 | _aGeotechnical Engineering: Soil Mechanics | |
| 250 | _a1 | ||
| 260 |
_aNew Delhi _bS.Chand _c2014 |
||
| 300 | _a291p; | ||
| 500 | _aQuantity Number: 45 | ||
| 650 | _aCivil | ||
| 700 | _aT.G.Sitharam | ||
| 942 | _cBK | ||
| 999 |
_c54880 _d54880 |
||